01060nam a2200253Ia 4500008004100000020001900041020002200060020002300082020002300105020002200128020002100150040001800171041000800189100002600197245011200223260003600335300001800371505026900389650001600658650002600674650003400700700003800734765003400772130821s1984 sp gr spa  a842490947X.O.C a8424909496cvol.1 a842491032XcVol. 2 a8424912683cVol. 3 a8424914406cVol.4 a8424915003cVol5 aCo-BoUCMbspa aspa1 aGuthrie, William K.C.10aHistoria de la filosofía griegacWilliam K.C. Guthrie; versión española de Alberto Medina González. aMadrid (España)bGredosc1984 a6 volúmenes gvol.1.tLos primeros presocráticos y los pitagóricos. --gvol.2tLa tradición presocrática desde Parménides a Demócrito. --gvol.3tSiglo V. Ilustración --gvol.4.tEl hombre y sus diálogos: primera época --gvol.5.tsegunda época y la academia04aFilosofía04aFilosofíaxHistoria04aFilosofíazGreciaxHistoria1 aMedina González.,Albertoetrad. tA history of greek philosophy